Ιστορία του νέου ελληνικού θεάτρου : 1794 - 1944
Αποθηκεύτηκε σε:
| Κύριος συγγραφέας: | |
|---|---|
| Μορφή: | Βιβλίο |
| Γλώσσα: | Greek |
| Δημοσίευση: |
Αθήνα :
Μουσείο και κέντρο μελέτης του Ελληνικού θεάτρου, Καστανιώτης,
1990.
|
| Θέματα: | |
| Ετικέτες: |
Προσθήκη ετικέτας
Δεν υπάρχουν, Καταχωρήστε ετικέτα πρώτοι!
|
MARC
| LEADER | 00000cam a2200000 i 4500 | ||
|---|---|---|---|
| 001 | 1/31925 | ||
| 008 | 960729s1990 gr | ||| |||| ||gre|| | ||
| 020 | |a 9600305013 | ||
| 035 | |1 ΕΛΗ |a 1996 |c ΒΙΒΛΙΟΘΗΚΗ |l 10038960 | ||
| 040 | |a GR-MY-UA |b gre |e aacr | ||
| 041 | 0 | |a gre | |
| 082 | 7 | |a 792.09495 |2 (22) | |
| 100 | 1 | |a Σιδέρης, Γιάννης. | |
| 245 | 1 | 0 | |a Ιστορία του νέου ελληνικού θεάτρου : |b 1794 - 1944 / |c Γιάννη Σιδέρη. |
| 260 | |a Αθήνα : |b Μουσείο και κέντρο μελέτης του Ελληνικού θεάτρου, |b Καστανιώτης, |c 1990. | ||
| 300 | |a 335 σ. ; |c 25 εκ. | ||
| 505 | 0 | |a Τ.1. (1794-1908)- Ευρωπαικός κλασικισμός - Ρομαντισμός - Ελληνικός νεοκλασικισμός - Αναγεννηση - Ιψεν και βουλεβάρτο - Θίασοι, ηθοποιοί, θέατρα, ερασιτεχνία, εκδόσεις, σκηνοθεσία - Η νέα σκηνή και το "Βασιλικόν θέατρον". | |
| 650 | 0 | 0 | |a Theater |z Greece |x History. |
| 740 | 0 | 2 | |a (1794-1908)- Ευρωπαικός κλασικισμός - Ρομαντισμός - Ελληνικός νεοκλασικισμός - Αναέννηση - Ιψεν και βουλεβάρτο - Θίασοι, ηθοποιοί, θέατρα, ερασιτεχνία, εκδόσεις, σκηνοθεσία - Η νέα σκηνή και το "Βασιλικόν θέατρον" |
| 852 | |a INST |b SAMOS |e 19960729 |h 792.09495 ΣΙΔ |p 005300009527 |q 005300009527 |t BK |y 0 |z τ.1 | ||
| 852 | |a INST |b SAMOS |e 19960729 |h 792.09495 ΣΙΔ |p 005300009527 |q 005300009527 |t BK |v τ.1: |y 0 |z τ.1 | ||
| 853 | |a INST |b SAMOS |h 792.09495 ΣΙΔ | ||
| 909 | |a Σ |b 041640 | ||
| 970 | |z 1996/07 | ||